| 000 | 00834nam a2200229 a 4500 | ||
|---|---|---|---|
| 008 | 120416s1979 ||||||||||||||||| || u | ||
| 020 | _a0201038889 | ||
| 050 | _aQA 76.73.B3 Kof | ||
| 100 | _aFriedman, Frank L | ||
| 245 | 1 | 0 | _aProblem solving and structured programming in BASIC |
| 260 |
_aReading, Mass.: _bAddison-Wesley _c1979 |
||
| 300 | _axvi, 446p.: ill. | ||
| 350 | _a0.00 | ||
| 490 | _aAddison-Wesley series in computer science and information processing | ||
| 500 | _aIncludes index. | ||
| 650 | _aCOMPUTING | ||
| 650 | _aBASIC (COMPUTER PROGRAM LANGUAGE) | ||
| 650 | _aSTRUCTURED PROGRAMMING | ||
| 650 | 0 | _aPROBLEM SOLVING | |
| 700 | _aKoffman, Elliot B | ||
| 995 |
_D0.00 _FCBU-MAIN LIBRARY (Kitwe) _H1 _I14.95 _M1 _UDAMAGED _ZMain Library Open Access Collection |
||
| 999 |
_c54762 _d54762 |
||